000
00205 a2200097 4500
001
2351
100
_a
Durand, W F
245
_a
Aerodynamics theory
260
_a
NY
_b
Dover Pubs
_c
1968
090
_c
1709
_d
1709
942
_a
NUST-CAE
_c
M
_c
7880
999
_c
237424
_d
237424